000 01197cam a2200241 4500
001 J122225
008 021217n1995 000 0 eng u
035 _a(Sirsi) u122225
041 _aeng
050 _a745.1026
_c18
110 _aUnidroit Convention on Stolen or Illegally Exported Cultural Objects (
_d1995
_cRome )
_94448
245 _aUnidrotit Convention on Stolen or Illegally Exported Cultural Objects
_bRome, 24 June 1995
260 _aRome
_bUNIDROIT
_c1995
490 _aUNIDROIT Convention
520 _aConvention which aims to prevent the illicit trade in cultural objects and the damage caused by it, both to these objects themselves and to the cultural heritage, by establishing common, minimal legal rules for the restitution and return of cultural objects between signatories. View at www.unidroit.org.
650 _aILLICIT TRADE
650 _aCULTURAL OBJECTS
650 _aCONVENTION ON STOLEN OR ILLEGALLY EXPORTED CULTURAL OBJECTS 1995
650 _aSTOLEN WORKS OF ART
690 _aArts and antiques
_96217
856 _uhttps://www.unidroit.org/english/conventions/1995culturalproperty/main.htm
_vView the Convention on the Unidroit website...
942 _n0
999 _c102792
_d102792